000 00402nam a2200169Ia 4500
005 20250423100936.0
008 250422s9999 xx 000 0 und d
020 _a0-534-52085-5
050 _aT 14.5 .S6385/
245 0 _aSociety, ethics, and technology
250 _a3rd ed.
260 _aBelmont, CA
260 _bThomson Higher Education
260 _c2006
300 _a393 p
942 _cBK
999 _c34811
_d34811